000 01763agaaa2200313 4500
001 5959
003 IT-RoPAU
005 20220918181250.0
007 d cvaizq
008 50131s9999||||xx ||| | || ||und||
040 _aIT-RoPAU
_cIT-RoPAU
041 _aITALIANO
100 _aOz Frank
_gCodice regista SPICS: 40204
_941522
130 _aIN & OUT
_948502
245 _aIN & OUT
_cProdotto da: Rudin Scott -- Sceneggiatura: Rudnick Paul -- Diretto da: Oz Frank
_pIN & OUT (Rif. Codice opera principale : F5959)
250 _aEdizione Standard
260 _a(USA)
_bSPELLING FILMS INTERNATIONAL / Distribuzione: LUCKY RED HOME VIDEO
_g"1998 (1° ed.: 1998 ; Ed. Lingua Orig.: 1997)"
300 _aVHS
_bsonoro, col.
_c90 minuti
508 _a"Fotografia: Hahn Rob; Montaggio: Hanley D. Jympson J.; Musica: Shaiman Marc; Sceneggiatura: Rudnick Paul; Scenografia: Adam Ken; "
511 _a"Kline Kevin; Cusack Joan; Selleck Tom; Dillon Matt; Reynolds Debbie"
520 _aCAMERON DRAKE, UN EX ALLIEVO DI HOWARD BRACKETT, PREMIATO CON L'OSCAR PER L'INTERPRETAZIONE DI UN SOLDATO GAY, NEL DISCORSO DI RINGRAZIAMENTO PARLA CON LEGGEREZZA DELL'OMOSESSUALITA' CHE IL SUO PROFESSORE DI LICEO AVREBBE TENUTA NASCOSTA A SE STESSO E AGLI ALTRI. LA VITA DI HOWARD, CHE STA PER SPOSARSI, VIENE SCONVOLTA. PETER MALLOY, GIORNALISTA TELEVISIVO GAY, E' DECISO A FAR AMMETTERE A HOWARD DI ESSERE GAY.
538 _aPAL, STEREO
546 _aITALIANO
650 _aCOMMEDIA
_eFILMS [VHS]
_xCodice MATERIA SPICS: 9960
_948503
700 _aOz Frank
_e(regista)
_gCodice regista SPICS: 40204
_941522
700 _aRudnick Paul
_e(soggetto)
_gCodice Soggetto SPICS: 52260
_948504
700 _aShaiman Marc
_e(musica)
_gCodice Musica SPICS: 35113
_948505
942 _cVH
_2ddc
999 _c106743
_d106743